000 00317nam a2200145Ia 4500
100 _aDavis/ Keith
650 _aGeneral
942 _cBK
654 _aHuman behaviour
245 _aHuman behaviour at work
260 _bTata Mc Graw hill
_aNew Delhi
_c1982
082 _a658.3
300 _a582
546 _aENGLISH
999 _c25424
_d25424